000 00526nam a2200169Ia 4500
999 _c21180
_d21180
003 OSt
005 20200615133152.0
008 190216s9999||||xx |||||||||||||| ||und||
020 _a9780195692983
040 _coclc
082 _a305.800954
_bBHA/M
100 _aBhargava, Rajeev
_92910
245 0 _aMulticulturalism, Liberalism And Democracy /
_cRajeev Bhargava
260 _bOxford University Press,
_aNew Delhi:
_c2007.
300 _a433p
942 _cBK
_2ddc
_h305.800954
_iBHA/M
_k305.800954
_mBHA/M